Introducción a la política (Registro nro. 5653)
[ vista simple ]
| 000 -LEADER | |
|---|---|
| fixed length control field | 01230 a2200229 4500 |
| 001 - CONTROL NUMBER | |
| control field | 54578 |
| 005 - DATE AND TIME OF LATEST TRANSACTION | |
| control field | 20260407155819.0 |
| 008 - FIXED-LENGTH DATA ELEMENTS--GENERAL INFORMATION | |
| fixed length control field | 260407a1987 arg spa d |
| 003 - CONTROL NUMBER IDENTIFIER | |
| control field | AR-UNSa-BCEJYS |
| 040 ## - CATALOGING SOURCE | |
| Original cataloging agency | AR-UNSa-BCEJYS |
| Language of cataloging | spa |
| Transcribing agency | AR-UNSa-BCEJYS |
| 080 ## - UNIVERSAL DECIMAL CLASSIFICATION NUMBER | |
| Universal Decimal Classification number | 32 |
| Common auxiliary subdivision | Política |
| 020 ## - INTERNATIONAL STANDARD BOOK NUMBER | |
| International Standard Book Number | 84-344-1777-4 |
| 041 ## - LANGUAGE CODE | |
| Language code of text/sound track or separate title | spa |
| 100 1# - MAIN ENTRY--PERSONAL NAME | |
| Personal name | Duverger, Maurice |
| 245 10 - TITLE STATEMENT | |
| Title | Introducción a la política |
| 250 ## - EDITION STATEMENT | |
| Edition statement | 9a. ed. |
| 264 #1 - PRODUCTION, PUBLICATION, DISTRIBUTION, MANUFACTURE, AND COPYRIGHT NOTICE | |
| Place of production, publication, distribution, manufacture | Barcelona : |
| Name of producer, publisher, distributor, manufacturer | Ariel |
| Date of production, publication, distribution, manufacture, or copyright notice | 1987 |
| 300 ## - PHYSICAL DESCRIPTION | |
| Extent | 281 p. |
| Dimensions | 21 cm. |
| 505 ## - FORMATTED CONTENTS NOTE | |
| Formatted contents note | Primera parte: Los factores de la lucha - I. Factores biológicos - II. Factores psicológicos - III. Factores demográficos - IV. Factores geográficos - V. Factores socioeconómicos - VI. Factores culturales - Segunda parte: Las formas de la contienda - I. Los marcos de la contienda - II. Las organizaciones de la contienda - III. Las armas de la contienda - IV. Las estrategias políticas - V. Los límites de la contienda - Tercera parte: Del antagonismo a la integración - I. Teoría de la integración - II. Técnica de la integración - III. ¿Integración o pseudointegración? - IV. Integración y nivel de desarrollo - VI. La imposible edad de oro |
| 590 ## - LOCAL NOTE (RLIN) | |
| Local note | niveau_biblio:m niveau_hierar:0 |
| 942 ## - ADDED ENTRY ELEMENTS (KOHA) | |
| Koha item type | |
| Withdrawn status | Lost status | Damaged status | Not for loan | Home library | Current library | Shelving location | Date acquired | Total checkouts | Full call number | Barcode | Date last seen | Price effective from | Koha item type |
|---|---|---|---|---|---|---|---|---|---|---|---|---|---|
| Biblioteca Prof. Eusebio Cleto del Rey | Biblioteca Prof. Eusebio Cleto del Rey | 07/04/2026 | 32 D985 9ed. | L53611 | 07/04/2026 | 07/04/2026 | Libro | ||||||
| Biblioteca Prof. Eusebio Cleto del Rey | Biblioteca Prof. Eusebio Cleto del Rey | 07/04/2026 | 32 D985 9ed. | L45690 | 07/04/2026 | 07/04/2026 | Libro |